1258 1725 1876 1537 1593 1354 1063 1613 1496 1184 1160 1159 1027 1955 1924 1755 1002 1245 1713 1654 1613 1177 1317 1640 1322 1649 1527 1413 1495 1949 1101 1600 1183 1983 1627 1200 1646 1916 1168 1777 1380 1974 1232 1462 1754 1145 1113 1960 1591 1192 1580 1457 1771 1189 1928 1429 1391 1215 1789 1350 1087 1398 1241 1498 1301 1050 1082 1106 1881 1792 1261 1116 1623 1275 1008 1955 1121 1298 1711 1194 1486 1893 1753 1421 1294 1441 1434 1207 1889 1468 1107 1994 1776 1591 1087 1498 1030 1142 1389 BCNSPRNW ULIB Ver.6.0+V

เปลี่ยนเป็นภาษาไทย

Change to English
 แสดงรายละเอียดบรรณานุกรม
  กลับหน้าหลัก

Brief Record : Get Marc (ISO 2709) : E-mail record : QR code < ปิดหน้าต่าง
LEADER : 00000nam 2200000uu 4500
001    13399123315
003     ULIB
008    140820s2544||||th 000 0 tha d
100 0  พัชราพร เถาว์พันธุ์
245 00 ผลของโปรแกรมการฟื้นฟูสมรรถภาพ....
945    ^p0^l0^i023363
999    ^aเกษร โพธิ์สุวรรณ
รายการนี้ยังไม่มีแท็ก
คุณยังไม่ได้ล็อกอิน คุณสามารถมีกิจกรรมร่วมกับเว็บไซต์ได้ แต่ต้องล็อกอินก่อน ::
  ล็อกอิน

รายการสื่อสารสนเทศ

ลำดับที่ ประเภท เลขเรียก/บาร์โค้ด สถานที่ สถานะ
1. งานวิจัย
งานวิจัย
 ฉ.1 
  Barcode: 023363
ห้องสมุดวิทยาเขตสวรรค์ประชารักษ์
►วิจัย
บนชั้น

BibComment


ยังไม่เคยถูกคอมเมนท์

คอมเมนท์ทรัพยากรรายการนี้
  คอมเมนท์: ผลของโปรแกรมการฟื..


 Copyright 2026. Bcnsprnw @Library